| 000 | 00839nam a22002417a 4500 | ||
|---|---|---|---|
| 999 |
_c22559 _d22559 |
||
| 003 | AR-CdUCM | ||
| 008 | 190423b ||||| |||| 00| 0 spa d | ||
| 020 | _a9786124270208 | ||
| 040 |
_aMUNICIPALIDAD PROVINCIAL DEL CUSCO _cBIBLIOTECA MUNICIPAL DEL CUSCO |
||
| 041 | _hspa | ||
| 082 |
_aES/363.73874/T49 _bT49 |
||
| 100 |
_aThunberg, Greta _948508 |
||
| 245 |
_aCambiemos el mundo : _b#huelgaporelclima / _cGreta Thunberg ; traducido del inglés por Aurora Echevarría |
||
| 260 |
_aLima : _bLumen, _c2019. |
||
| 300 |
_a72, [7] páginas. : _bilustraciones ; _c19 cm. |
||
| 500 | _aCompilación de los discursos de la autora. | ||
| 650 |
_aCambios climáticos _922350 |
||
| 650 |
_aEcologistas _948509 |
||
| 650 |
_aDiscursos suecos _948510 |
||
| 700 |
_aEchevarría, Aurora _etraductor _948511 |
||
| 942 |
_2ddc _cLIBROS |
||
| 945 | _arac | ||